Simple abundance 365 days to a balanced and joyful life (Record no. 614606)

000 -LEADER
fixed length control field 00361nam a22001337a 4500
020 ## - INTERNATIONAL STANDARD BOOK NUMBER
International Standard Book Number 9781538731734
082 ## - DEWEY DECIMAL CLASSIFICATION NUMBER
Classification number 152.42
Author Mark BRE
100 ## - MAIN ENTRY--PERSONAL NAME
Personal name Sarah, Ban Breathnach
245 ## - TITLE STATEMENT
Title Simple abundance 365 days to a balanced and joyful life
260 ## - PUBLICATION, DISTRIBUTION, ETC.
Place of publication, distribution, etc. New York:
Name of publisher, distributor, etc. Grand Central Publishing,
Date of publication, distribution, etc. 2019.
300 ## - PHYSICAL DESCRIPTION
Extent 601p. :
563 ## - BINDING INFORMATION
Binding note HB
942 ## - ADDED ENTRY ELEMENTS (KOHA)
Source of classification or shelving scheme
Koha item type Book
Holdings
Withdrawn status Lost status Source of classification or shelving scheme Damaged status Not for loan Permanent Location Current Location Date acquired Total Checkouts Full call number Barcode Date last seen Price effective from Koha item type
          Central Library (CL) Central Library (CL) 09/01/2025   152.42 BRE CL-D-3060 09/01/2025 09/01/2025 Book
© 2023 Central Library, National University of Sciences and Technology. All Rights Reserved.